000 00402nam a2200157Ia 4500
008 240729s9999 xx 000 0 und d
022 _a1742-4755
245 0 _aReproductive Health
260 _aUnited Kingdom
260 _bBMC
650 _a Gynecology and obstetrics
650 _aMedicine
856 _uhttps://doaj.org/toc/e99eb17b92a346e4adcd50250ae761b8
942 _2ddc
942 _cDOAJEJ
999 _c74020
_d74020
945 _a1
_bMadushi Gamage
_c1
_dMadushi Gamage